Cuentos criollos /

Bibliographic Details
Main Author: Walsh, Gertrude Margaret, 1884-
Format: Book
Language:Spanish
Published: Boston : D.C. Heath, [1941]
Series:Spanish American series.
Subjects:

MARC

Tag First Indicator Second Indicator Subfields
LEADER 00000cam a2200000 a 4500
001 in00000080335
005 20151008060928.0
008 720420s1941 mauaf b 00010 spam
010 |a  41024090  
035 |a (OCoLC)00289758 
035 |9 AAJ6911AM 
040 |a DLC  |c CNC  |d SER  |d TXA  |d UtOrBLW 
043 |a cl----- 
049 |a TXAM  |c [1442919] 
050 0 0 |a PC4117  |b .W27 
082 0 |a 468.6 
100 1 |a Walsh, Gertrude Margaret,  |d 1884- 
245 1 0 |a Cuentos criollos /  |c edited with introduction, notes, exercises, and vocabulary by Gertrude M. Walsh. 
264 1 |a Boston :  |b D.C. Heath,  |c [1941] 
264 4 |c ©1941 
300 |a xxv, 207 pages, 24 unnumbered pages of plates :  |b illustrations ;  |c 21 cm. 
336 |a text  |b txt  |2 rdacontent 
337 |a unmediated  |b n  |2 rdamedia 
338 |a volume  |b nc  |2 rdacarrier 
490 1 |a Spanish-American series 
504 |a Bibliography: pages xxiv-xxv. 
650 0 |a Spanish language  |x Readers. 
650 0 |a Short stories, Latin American. 
830 0 |a Spanish American series. 
999 |a MARS 
999 f f |s bbf4ebc9-217a-35ee-b158-004515480780  |i 9c33107b-7013-3632-81ef-73f854b60493  |t 0 
952 f f |p ric  |a Texas A&M University  |b Rellis Campus  |c Joint Library Facility  |s JLF  |d Remote Storage  |t 0  |e PC4117 .W27  |h Library of Congress classification  |i unmediated -- volume  |m A14806174325 
998 f f |a PC4117 .W27  |t 0  |l Remote Storage